Philosophy of the being human and being a person (Record no. 41630)
[ view plain ]
| 000 -LEADER | |
|---|---|
| fixed length control field | 00899nam a22002417a 4500 |
| 005 - DATE AND TIME OF LATEST TRANSACTION | |
| control field | 20220117090830.0 |
| 008 - FIXED-LENGTH DATA ELEMENTS--GENERAL INFORMATION | |
| fixed length control field | 211111b ||||| |||| 00| 0 eng d |
| 040 ## - CATALOGING SOURCE | |
| Original cataloging agency | eng |
| Language of cataloging | URS |
| Transcribing agency | URS |
| 041 ## - LANGUAGE CODE | |
| Language code of original and/or intermediate translations of text | english |
| 050 ## - LIBRARY OF CONGRESS CALL NUMBER | |
| Classification number | B 72 |
| Item number | .P184 2013 |
| 100 ## - MAIN ENTRY--PERSONAL NAME | |
| Personal name | Palmiano, Dariel A. |
| Relator term | author |
| 245 ## - TITLE STATEMENT | |
| Title | Philosophy of the being human and being a person |
| Statement of responsibility, etc | Dariel A. Palmiano |
| 264 ## - PUBLICATION, DISTRIBUTION, ETC. (IMPRINT) | |
| Place of publication, distribution, etc | San Isidro, Pili, Camarines Sur |
| Name of publisher, distributor, etc | Prince Chariel Publishing |
| Date of publication, distribution, etc | ©2013 |
| 300 ## - PHYSICAL DESCRIPTION | |
| Extent | xvi, 288 pages |
| Other physical details | illustrations ; |
| Dimensions | 21cm |
| 336 ## - CONTENT TYPE | |
| Source | rda content |
| Content type term | text |
| 337 ## - MEDIA TYPE | |
| Source | rda media |
| Media type term | unmediated |
| 338 ## - CARRIER TYPE | |
| Source | rda carrier |
| Carrier type term | volume |
| 504 ## - BIBLIOGRAPHY, ETC. NOTE | |
| Bibliography, etc | includes bibliographical references (page 274-281) |
| 524 ## - PREFERRED CITATION OF DESCRIBED MATERIALS NOTE | |
| Preferred citation of described materials note | Palmiano, Dariel A. (2013). Philosophy of the being human and being a person. San Isidro, Pili, Camarines Sur: Prince Chariel Publishing. |
| 650 #0 - SUBJECT ADDED ENTRY--TOPICAL TERM | |
| Topical term or geographic name as entry element | Philosophy |
| 942 ## - ADDED ENTRY ELEMENTS (KOHA) | |
| Source of classification or shelving scheme | Library of Congress Classification |
| Koha item type | Filipiniana |
| Withdrawn status | Lost status | Source of classification or shelving scheme | Damaged status | Not for loan | Collection code | Home library | Current library | Date acquired | Total Checkouts | Full call number | Barcode | Date last seen | Copy number | Price effective from | Koha item type |
|---|---|---|---|---|---|---|---|---|---|---|---|---|---|---|---|
| Library of Congress Classification | Non-fiction | Cardona College LIbrary | Cardona College LIbrary | 11/11/2021 | B 72 .P184 2013 | URSCAR-2575 | 11/11/2021 | 1 | 11/11/2021 | Filipiniana | |||||
| Library of Congress Classification | Non-fiction | Cardona College LIbrary | Cardona College LIbrary | 11/11/2021 | B 72 .P184 2013 | URSCAR-2576 | 11/11/2021 | 2 | 11/11/2021 | Filipiniana | |||||
| Library of Congress Classification | Non-fiction | Cardona College LIbrary | Cardona College LIbrary | 11/11/2021 | B 72 .P184 2013 | URSCAR-2577 | 11/11/2021 | 3 | 11/11/2021 | Filipiniana | |||||
| Library of Congress Classification | Non-fiction | Cardona College LIbrary | Cardona College LIbrary | 11/11/2021 | B 72 .P184 2013 | URSCAR-2578 | 11/11/2021 | 4 | 11/11/2021 | Filipiniana | |||||
| Library of Congress Classification | Non-fiction | Cardona College LIbrary | Cardona College LIbrary | 11/11/2021 | B 72 .P184 2013 | URSCAR-2579 | 11/11/2021 | 5 | 11/11/2021 | Filipiniana |